000 00962nam0a2200277 4500
001 RU\NLR\bibl\1150010
005 20260405143220.0
010 _a978-5-486-01585-4
_911000
021 _aRU
_b2007-63467
_93385
035 _a(NLR Aleph) 001136809
090 _a1392478
_c1392478
100 _a20071107d2007 |||y0rusy50 ca
101 1 _arus
_ceng
102 _aRU
105 _aa |||||||||
200 1 _aМебель для дома
_eпрактическая энциклопедия
_f[пер. с англ. Н. С. Соколовой]
210 _aМосква
_cМир книги
_d2007
215 _a191, [1] с.
_cцв. ил.
_d26
606 1 _aМебель самодельная
_91526069
_3RU\NLR\auth\66664036
686 _aМ134.1
702 1 _4730
_8rus
_7ca
_aСоколова
_bН. С.
_cпереводчик
_3RU\NLR\AUTH\7758962
_941894
801 0 _aRU
_bNLR
_c20071107
_gRCR
801 1 _aRU
_bNLR
_c20071107
942 _cBOOK
980 _aNB